[Event "Liga Madrileña - DH 2014-2015"]
[Site "Madrid ESP"]
[Date "2014.11.23"]
[Round "1.22"]
[White "Martin Rueda, Daniel"]
[Black "Rubio Mejia, Luis Ignacio"]
[Result "0-1"]
[WhiteElo "2341"]
[BlackElo "2453"]
[PlyCount "74"]
[EventDate "2014.11.23"]
[EventType "team-tourn"]
[EventRounds "14"]
[EventCountry "ESP"]
[Source "lmi"]
[SourceDate "2014.11.23"]
[WhiteTeam "Liberty Chess"]
[BlackTeam "Virgen de Atocha"]
[WhiteTeamCountry "ESP"]
[BlackTeamCountry "ESP"]

1. d4 Nf6 2. Bg5 e6 3. e4 h6 4. Bxf6 Qxf6 5. c3 d5 6. Nd2 c5 7. Ngf3 a6 8. Bd3
cxd4 9. e5 Qd8 10. Nxd4 Qb6 11. Rb1 Nc6 12. N2f3 Bd7 13. O-O Bc5 14. Nxc6 bxc6
15. b4 Be7 16. c4 dxc4 17. Bxc4 Ra7 18. Qe2 O-O 19. Qe4 a5 20. bxa5 Qxa5 21. h4
Qa4 22. h5 c5 23. Rb6 Bd8 24. Rb3 Bc6 25. Qg4 Bxf3 26. Rxf3 Bg5 27. Rb1 Rd8 28.
Qe4 Rad7 29. Rd3 Rd4 30. Rxd4 Rxd4 31. Rb8+ Bd8 32. Bb3 Rd1+ 33. Bxd1 Qxe4 34.
Rxd8+ Kh7 35. g3 c4 36. a4 c3 37. f3 Qb1 0-1

[Event "Liga Madrileña - DH 2014-2015"]
[Site "Madrid ESP"]
[Date "2014.11.23"]
[Round "1.23"]
[White "Congiu, Mathilde"]
[Black "Perez Gonzalez, Jose Manuel"]
[Result "0-1"]
[WhiteElo "2317"]
[BlackElo "2349"]
[PlyCount "76"]
[EventDate "2014.11.23"]
[EventType "team-tourn"]
[EventRounds "14"]
[EventCountry "ESP"]
[Source "lmi"]
[SourceDate "2014.11.23"]
[WhiteTeam "Virgen de Atocha"]
[BlackTeam "Liberty Chess"]
[WhiteTeamCountry "ESP"]
[BlackTeamCountry "ESP"]

1. e4 c5 2. Nf3 g6 3. d4 Bg7 4. dxc5 Qa5+ 5. Nc3 Bxc3+ 6. bxc3 Qxc3+ 7. Bd2
Qxc5 8. Bd3 Nf6 9. O-O Nc6 10. Bh6 Qh5 11. Bg7 Rg8 12. Bxf6 exf6 13. Be2 Qc5
14. Qd2 b6 15. Rfd1 Qe7 16. Qf4 Bb7 17. Rd6 Ne5 18. Rad1 Nxf3+ 19. Bxf3 Rd8 20.
Rxf6 g5 21. Qf5 g4 22. Be2 Qxe4 23. Qxe4+ Bxe4 24. Re1 Kf8 25. Rf4 Bxc2 26.
Bxg4 Rg5 27. h4 Ra5 28. Bf3 d5 29. Re5 d4 30. Rxa5 bxa5 31. Kf1 d3 32. Rc4 Rb8
33. Ke1 Rb2 34. Rc7 Ba4 35. Rc8+ Ke7 36. Rc7+ Kd6 37. Rxa7 d2+ 38. Kf1 Rb1+ 0-1

[Event "Liga Madrileña - DH 2014-2015"]
[Site "Madrid ESP"]
[Date "2014.11.23"]
[Round "1.24"]
[White "Sanchez Gonzalez, Sergio"]
[Black "Fernandez Barrera, Victor"]
[Result "1/2-1/2"]
[WhiteElo "2298"]
[BlackElo "2261"]
[PlyCount "78"]
[EventDate "2014.11.23"]
[EventType "team-tourn"]
[EventRounds "14"]
[EventCountry "ESP"]
[Source "lmi"]
[SourceDate "2014.11.23"]
[WhiteTeam "Liberty Chess"]
[BlackTeam "Virgen de Atocha"]
[WhiteTeamCountry "ESP"]
[BlackTeamCountry "ESP"]

1. c4 c5 2. Nf3 Nc6 3. d4 cxd4 4. Nxd4 g6 5. e4 Bg7 6. Be3 Nf6 7. Nc3 Ng4 8.
Qxg4 Nxd4 9. Qd1 Ne6 10. Qd2 Qa5 11. Rc1 b6 12. Qd5 Rb8 13. Qxa5 bxa5 14. b3
Bd4 15. Bd2 Bb7 16. Nd5 a4 17. b4 a3 18. Rb1 Bxd5 19. cxd5 Nc5 20. f3 O-O 21.
Bc1 f5 22. Bxa3 Bc3+ 23. Ke2 fxe4 24. b5 exf3+ 25. gxf3 Na4 26. Bxe7 Rfe8 27.
d6 Bf6 28. Kf2 Bxe7 29. dxe7 Rxe7 30. Bc4+ Kf8 31. Rhe1 Rc8 32. Rxe7 Kxe7 33.
Re1+ Kf6 34. Bb3 Nc5 35. Rd1 Nxb3 36. axb3 Ke6 37. Ra1 Rc2+ 38. Kg3 Rc5 39.
Ra6+ d6 1/2-1/2

[Event "Liga Madrileña - DH 2014-2015"]
[Site "Madrid ESP"]
[Date "2014.11.23"]
[Round "1.25"]
[White "Vazquez Torres, Adrian"]
[Black "Fernandez Garcia, Miguel Angel"]
[Result "1-0"]
[WhiteElo "2198"]
[BlackElo "2341"]
[PlyCount "77"]
[EventDate "2014.11.23"]
[EventType "team-tourn"]
[EventRounds "14"]
[EventCountry "ESP"]
[Source "lmi"]
[SourceDate "2014.11.23"]
[WhiteTeam "Virgen de Atocha"]
[BlackTeam "Liberty Chess"]
[WhiteTeamCountry "ESP"]
[BlackTeamCountry "ESP"]

1. e4 Nf6 2. e5 Nd5 3. c4 Nb6 4. d4 d6 5. exd6 cxd6 6. Nc3 g6 7. Be3 Bg7 8. Qd2
Nc6 9. Be2 d5 10. cxd5 Nxd5 11. Nxd5 Qxd5 12. Bf3 Qd6 13. Ne2 O-O 14. O-O Rd8
15. Rfd1 b6 16. Bf4 Qd7 17. Bh6 Bh8 18. Bxc6 Qxc6 19. Rac1 Qd5 20. Rc7 Bf6 21.
Qf4 Be5 22. Qc1 Bxc7 23. Qxc7 Qd6 24. Qc1 Bg4 25. f3 Be6 26. Bf4 Qd5 27. Nc3
Qf5 28. Qe3 Bd5 29. Ne4 Bxe4 30. fxe4 Qg4 31. Rf1 Rac8 32. h3 Qd7 33. d5 Rc2
34. d6 exd6 35. Bg5 Re8 36. Bf6 Qb5 37. Qh6 Rxg2+ 38. Kxg2 Qe2+ 39. Kg1 1-0

[Event "Liga Madrileña - DH 2014-2015"]
[Site "Madrid ESP"]
[Date "2014.11.23"]
[Round "1.26"]
[White "Gallardo Garcia, Andres"]
[Black "Plazuelo Pascual, Juan"]
[Result "1-0"]
[WhiteElo "2329"]
[BlackElo "2122"]
[PlyCount "85"]
[EventDate "2014.11.23"]
[EventType "team-tourn"]
[EventRounds "14"]
[EventCountry "ESP"]
[Source "lmi"]
[SourceDate "2014.11.23"]
[WhiteTeam "Liberty Chess"]
[BlackTeam "Virgen de Atocha"]
[WhiteTeamCountry "ESP"]
[BlackTeamCountry "ESP"]

1. g3 e5 2. Bg2 d5 3. d3 c6 4. Nf3 Bd6 5. e4 Nf6 6. Nbd2 O-O 7. O-O Re8 8. a3
a5 9. b3 Nbd7 10. Bb2 Qc7 11. Re1 b5 12. d4 dxe4 13. Nxe4 Nxe4 14. Rxe4 Nf6 15.
Re1 e4 16. Ne5 Bf5 17. f3 Rad8 18. f4 c5 19. Qe2 cxd4 20. Bxd4 Bxe5 21. Bxe5
Qc5+ 22. Kf1 Ng4 23. Bxe4 Bc8 24. b4 axb4 25. axb4 Qb6 26. Bf3 Nxe5 27. fxe5
Bh3+ 28. Bg2 Qc6 29. Bxh3 Qh1+ 30. Kf2 Qxh2+ 31. Bg2 Qh6 32. Rad1 Rc8 33. Rd6
Qg5 34. Bc6 Re7 35. Qd2 Qf5+ 36. Kg1 g6 37. Rd8+ Kg7 38. Rxc8 Qxc8 39. Bxb5 Qb7
40. Bd3 Qb6+ 41. Kh2 h5 42. Qf4 Rb7 43. Qf6+ 1-0

[Event "Liga Madrileña - DH 2014-2015"]
[Site "Madrid ESP"]
[Date "2014.11.30"]
[Round "2.41"]
[White "Valles Moreno, Ivan"]
[Black "Moreno Trujillo, Alejandro"]
[Result "1-0"]
[WhiteElo "2391"]
[BlackElo "2522"]
[PlyCount "49"]
[EventDate "2014.11.23"]
[EventType "team-tourn"]
[EventRounds "14"]
[EventCountry "ESP"]
[Source "lmi"]
[SourceDate "2014.11.23"]
[WhiteTeam "Liberty Chess"]
[BlackTeam "64 Villalba"]
[WhiteTeamCountry "ESP"]
[BlackTeamCountry "ESP"]

1. e4 e6 2. d4 d5 3. Nc3 Nf6 4. e5 Nfd7 5. f4 c5 6. Nf3 Nc6 7. Be3 Be7 8. a3
O-O 9. dxc5 Nxc5 10. b4 Nd7 11. Bd3 f6 12. b5 Na5 13. h4 h6 14. Ng5 Nxe5 15.
fxe5 fxg5 16. Qh5 Nc4 17. Qg6 Nxe5 18. Qh7+ Kf7 19. O-O+ Ke8 20. hxg5 Qc7 21.
gxh6 Bf6 22. Rxf6 Rxf6 23. hxg7 Rf7 24. g8=Q+ Ke7 25. Qh4+ 1-0

[Event "Liga Madrileña - DH 2014-2015"]
[Site "Madrid ESP"]
[Date "2014.11.30"]
[Round "2.42"]
[White "Espinosa Aranda, Angel"]
[Black "Perez Gonzalez, Jose Manuel"]
[Result "1-0"]
[WhiteElo "2399"]
[BlackElo "2349"]
[PlyCount "81"]
[EventDate "2014.11.23"]
[EventType "team-tourn"]
[EventRounds "14"]
[EventCountry "ESP"]
[Source "lmi"]
[SourceDate "2014.11.23"]
[WhiteTeam "64 Villalba"]
[BlackTeam "Liberty Chess"]
[WhiteTeamCountry "ESP"]
[BlackTeamCountry "ESP"]

1. e4 c5 2. b3 d6 3. Bb2 Nc6 4. f4 e6 5. Nf3 Nf6 6. Qe2 Be7 7. g3 O-O 8. Bg2 b6
9. O-O Bb7 10. d3 Rc8 11. Nbd2 Qc7 12. c3 Ba6 13. c4 Rcd8 14. a3 Bb7 15. Rae1
a5 16. Nb1 Ba6 17. Nc3 Nd4 18. Qd1 Nxf3+ 19. Bxf3 Nd7 20. Kg2 Bf6 21. Qd2 Bd4
22. Rc1 Qb8 23. a4 Bb7 24. Ba3 Bc6 25. Ne2 Bf6 26. g4 g6 27. g5 Bg7 28. d4 Qa8
29. d5 exd5 30. exd5 Bb7 31. Ng3 Rfe8 32. Ne4 Qb8 33. Bb2 Bxb2 34. Qxb2 Re7 35.
Rce1 Rde8 36. Re2 f5 37. gxf6 Rf7 38. Rfe1 Ref8 39. Bg4 Nxf6 40. Be6 Nh5 41.
Nf6+ 1-0

[Event "Liga Madrileña - DH 2014-2015"]
[Site "Madrid ESP"]
[Date "2014.11.30"]
[Round "2.43"]
[White "Sanchez Gonzalez, Sergio"]
[Black "Bermejo Martinez, Jorge"]
[Result "0-1"]
[WhiteElo "2298"]
[BlackElo "2308"]
[PlyCount "58"]
[EventDate "2014.11.23"]
[EventType "team-tourn"]
[EventRounds "14"]
[EventCountry "ESP"]
[Source "lmi"]
[SourceDate "2014.11.23"]
[WhiteTeam "Liberty Chess"]
[BlackTeam "64 Villalba"]
[WhiteTeamCountry "ESP"]
[BlackTeamCountry "ESP"]

1. e4 g6 2. d4 Bg7 3. Nc3 d6 4. f4 a6 5. Nf3 Nd7 6. Be3 b5 7. d5 Ngf6 8. Nd4
Bb7 9. a3 O-O 10. Be2 Rc8 11. Bf3 Nb8 12. O-O Nfd7 13. Qe2 c6 14. dxc6 Nxc6 15.
Rad1 Na5 16. e5 dxe5 17. Bxb7 Nxb7 18. fxe5 Bxe5 19. Qf3 Na5 20. Qd5 Rc5 21.
Qe4 Qc7 22. Nf3 Nf6 23. Qd3 Bxc3 24. bxc3 Rxc3 25. Qd4 Rc4 26. Qd3 Ng4 27. Bd4
e5 28. Qe4 exd4 29. Qxg4 d3 0-1

[Event "Liga Madrileña - DH 2014-2015"]
[Site "Madrid ESP"]
[Date "2014.11.30"]
[Round "2.44"]
[White "Cabanas Jimenez, Andres"]
[Black "Fernandez Garcia, Miguel Angel"]
[Result "1-0"]
[WhiteElo "2212"]
[BlackElo "2341"]
[PlyCount "83"]
[EventDate "2014.11.23"]
[EventType "team-tourn"]
[EventRounds "14"]
[EventCountry "ESP"]
[Source "lmi"]
[SourceDate "2014.11.23"]
[WhiteTeam "64 Villalba"]
[BlackTeam "Liberty Chess"]
[WhiteTeamCountry "ESP"]
[BlackTeamCountry "ESP"]

1. e4 Nf6 2. e5 Nd5 3. d4 d6 4. c4 Nb6 5. f4 g6 6. Nc3 Bg7 7. Be3 O-O 8. Nf3
Be6 9. b3 Bg4 10. Be2 c5 11. dxc5 N6d7 12. cxd6 exd6 13. Qxd6 Nxe5 14. Qxd8
Nxf3+ 15. Bxf3 Rxd8 16. Rc1 Bxf3 17. gxf3 Bxc3+ 18. Rxc3 f5 19. Ke2 Nc6 20. Rd1
Rxd1 21. Kxd1 Re8 22. a3 a6 23. Kd2 Kf7 24. Rd3 Re7 25. Bc5 Rc7 26. Bb6 Re7 27.
Rd6 Nb8 28. Bd4 Nc6 29. Bb6 Nb8 30. b4 Rd7 31. Rxd7+ Nxd7 32. Bd4 Ke6 33. a4
Kd6 34. Kc3 Kc6 35. b5+ Kc7 36. c5 axb5 37. axb5 Nf8 38. Kc4 Ne6 39. Be5+ Kd7
40. Kd5 Ke7 41. Bd6+ Kf7 42. c6 1-0

[Event "Liga Madrileña - DH 2014-2015"]
[Site "Madrid ESP"]
[Date "2014.11.30"]
[Round "2.45"]
[White "Gallardo Garcia, Andres"]
[Black "Perez Felipe, Marcos Adrian"]
[Result "1-0"]
[WhiteElo "2329"]
[BlackElo "2201"]
[PlyCount "95"]
[EventDate "2014.11.23"]
[EventType "team-tourn"]
[EventRounds "14"]
[EventCountry "ESP"]
[Source "lmi"]
[SourceDate "2014.11.23"]
[WhiteTeam "Liberty Chess"]
[BlackTeam "64 Villalba"]
[WhiteTeamCountry "ESP"]
[BlackTeamCountry "ESP"]

1. g3 d5 2. Bg2 c5 3. Nf3 Nc6 4. O-O e5 5. c4 d4 6. d3 Nf6 7. e3 Be7 8. exd4
exd4 9. Re1 O-O 10. Na3 Bg4 11. h3 Bh5 12. g4 Bg6 13. Nh4 Nd7 14. Nxg6 hxg6 15.
Bf4 g5 16. Bg3 a6 17. Nc2 Nf6 18. Qd2 Ne8 19. a3 a5 20. Rab1 Nc7 21. Re2 f6 22.
Rbe1 Bd6 23. f4 gxf4 24. Bxf4 Ne5 25. Bxe5 Bxe5 26. b4 axb4 27. axb4 b6 28. Rf1
Ra2 29. Qe1 g6 30. Qb1 Ra6 31. Ne1 b5 32. bxc5 bxc4 33. dxc4 Kg7 34. Nd3 Re6
35. Kh1 Rfe8 36. Qb7 R6e7 37. Qf3 g5 38. Nb4 Bf4 39. Nc6 Qd7 40. Rxe7+ Rxe7 41.
Nxe7 Qxe7 42. c6 Qd6 43. Rd1 Kf7 44. Qe4 Ne6 45. Qh7+ Ke8 46. Bd5 Nf8 47. Qf7+
Kd8 48. Ra1 1-0

[Event "Liga Madrileña - DH 2014-2015"]
[Site "Madrid ESP"]
[Date "2014.11.30"]
[Round "2.46"]
[White "Gutierrez Castillo, Oscar"]
[Black "Hinojar Diez, David"]
[Result "0-1"]
[WhiteElo "2165"]
[BlackElo "2164"]
[PlyCount "70"]
[EventDate "2014.11.23"]
[EventType "team-tourn"]
[EventRounds "14"]
[EventCountry "ESP"]
[Source "lmi"]
[SourceDate "2014.11.23"]
[WhiteTeam "64 Villalba"]
[BlackTeam "Liberty Chess"]
[WhiteTeamCountry "ESP"]
[BlackTeamCountry "ESP"]

1. e4 c5 2. Nf3 d6 3. d4 cxd4 4. Nxd4 Nf6 5. Nc3 e6 6. Be3 a6 7. Bd3 Be7 8. f3
b5 9. Qd2 Qc7 10. a4 b4 11. Na2 e5 12. Ne2 a5 13. c3 b3 14. Nac1 Be6 15. Qd1
O-O 16. Nxb3 d5 17. Nd2 Nbd7 18. O-O Nc5 19. Bxc5 Bxc5+ 20. Kh1 Rfd8 21. exd5
Nxd5 22. Qb1 g6 23. Ne4 Be7 24. Re1 Bh4 25. Rc1 f5 26. N4g3 Bg5 27. Re1 Rab8
28. Bb5 Bd2 29. Rd1 Ne3 30. Rg1 Bb3 31. Nf1 Nc2 32. Nxd2 Nxa1 33. Qxa1 Rxd2 34.
Qc1 Rc2 35. Qb1 Rxb5 0-1

[Event "Liga Madrileña - DH 2014-2015"]
[Site "Madrid ESP"]
[Date "2014.11.30"]
[Round "2.21"]
[White "Taboas Rodriguez, Daniel"]
[Black "Fernandez Lledo, Javier"]
[Result "1-0"]
[WhiteElo "2399"]
[BlackElo "2256"]
[PlyCount "73"]
[EventDate "2014.11.23"]
[EventType "team-tourn"]
[EventRounds "14"]
[EventCountry "ESP"]
[Source "lmi"]
[SourceDate "2014.11.23"]
[WhiteTeam "Blanco y Negro"]
[BlackTeam "Pueblo Nuevo"]
[WhiteTeamCountry "ESP"]
[BlackTeamCountry "ESP"]

1. d4 Nf6 2. Nf3 g6 3. c4 Bg7 4. Nc3 O-O 5. e4 d6 6. Be2 e5 7. dxe5 dxe5 8.
Qxd8 Rxd8 9. Bg5 Re8 10. Nd5 Nxd5 11. cxd5 c6 12. Bc4 b5 13. Bb3 Bb7 14. Rc1
Rc8 15. Be3 Nd7 16. dxc6 Rxc6 17. Rxc6 Bxc6 18. Ng5 Rf8 19. Ke2 Bf6 20. Rc1
Bxg5 21. Rxc6 Bxe3 22. Kxe3 Rd8 23. Rc7 Kf8 24. Rxa7 Ke7 25. a4 f5 26. axb5 Kd6
27. Bd5 Rb8 28. Bc6 Nf6 29. f3 Rf8 30. b4 Rd8 31. Rg7 Rb8 32. h3 f4+ 33. Kd3
Rd8 34. Kc3 Rb8 35. Rf7 Ke6 36. Ra7 Kd6 37. Ra2 1-0

[Event "Liga Madrileña - DH 2014-2015"]
[Site "Madrid ESP"]
[Date "2014.11.30"]
[Round "2.22"]
[White "Nieto de la Cruz, Julio"]
[Black "Alarcia Astiz, Carlos"]
[Result "0-1"]
[WhiteElo "2178"]
[BlackElo "2337"]
[PlyCount "58"]
[EventDate "2014.11.23"]
[EventType "team-tourn"]
[EventRounds "14"]
[EventCountry "ESP"]
[Source "lmi"]
[SourceDate "2014.11.23"]
[WhiteTeam "Pueblo Nuevo"]
[BlackTeam "Blanco y Negro"]
[WhiteTeamCountry "ESP"]
[BlackTeamCountry "ESP"]

1. d4 Nf6 2. c4 e6 3. Nc3 Bb4 4. e3 O-O 5. Bd3 d5 6. Nge2 c5 7. O-O cxd4 8.
exd4 dxc4 9. Bxc4 a6 10. Bg5 Be7 11. Qd3 b5 12. Bb3 Bb7 13. Bc2 g6 14. a3 Nbd7
15. f4 Nb6 16. Ng3 Nc4 17. Rab1 Ng4 18. Bxe7 Qxe7 19. Rfe1 Qh4 20. h3 Nh6 21.
f5 gxf5 22. a4 Rfd8 23. Nce2 Qg5 24. Nc3 Nd2 25. h4 Qxh4 26. Nxf5 exf5 27. Qxd2
Ng4 28. Bxf5 Rxd4 29. Bd3 Rxd3 0-1

[Event "Liga Madrileña - DH 2014-2015"]
[Site "Madrid ESP"]
[Date "2014.11.30"]
[Round "2.24"]
[White "Barez Menendez, Hector"]
[Black "Triadu Cassa, Jordi"]
[Result "1/2-1/2"]
[WhiteElo "2144"]
[BlackElo "2177"]
[PlyCount "65"]
[EventDate "2014.11.23"]
[EventType "team-tourn"]
[EventRounds "14"]
[EventCountry "ESP"]
[Source "lmi"]
[SourceDate "2014.11.23"]
[WhiteTeam "Pueblo Nuevo"]
[BlackTeam "Blanco y Negro"]
[WhiteTeamCountry "ESP"]
[BlackTeamCountry "ESP"]

1. d4 Nf6 2. Nf3 c5 3. c3 e6 4. Bf4 Be7 5. e3 b6 6. Nbd2 Bb7 7. Bd3 d5 8. Ne5
Nfd7 9. O-O Nc6 10. Nxd7 Qxd7 11. Nf3 Bf6 12. Qe2 O-O 13. Ng5 Bxg5 14. Bxg5 f6
15. Bh4 e5 16. dxc5 bxc5 17. Rad1 Qe7 18. Bb5 a6 19. Ba4 Rad8 20. f3 Kh8 21.
Rfe1 e4 22. f4 d4 23. exd4 cxd4 24. Bxc6 Bxc6 25. cxd4 Bd5 26. b3 Qb7 27. Bf2
a5 28. Be3 a4 29. Rb1 axb3 30. axb3 Qb4 31. Rb2 Qa3 32. Reb1 Rb8 33. h3 1/2-1/2

[Event "Liga Madrileña - DH 2014-2015"]
[Site "Madrid ESP"]
[Date "2014.11.30"]
[Round "2.25"]
[White "Alba Linero, Emilio"]
[Black "De la Puerta Cresis, Javier"]
[Result "1-0"]
[WhiteElo "2137"]
[BlackElo "2097"]
[PlyCount "67"]
[EventDate "2014.11.23"]
[EventType "team-tourn"]
[EventRounds "14"]
[EventCountry "ESP"]
[Source "lmi"]
[SourceDate "2014.11.23"]
[WhiteTeam "Blanco y Negro"]
[BlackTeam "Pueblo Nuevo"]
[WhiteTeamCountry "ESP"]
[BlackTeamCountry "ESP"]

1. e4 c5 2. Nf3 d6 3. d4 cxd4 4. Qxd4 a6 5. c4 Nf6 6. Nc3 Nc6 7. Qd3 g6 8. h3
Bg7 9. Be2 Bd7 10. Be3 O-O 11. Rc1 b5 12. O-O bxc4 13. Qxc4 Qa5 14. Nd4 Rfc8
15. Nb3 Qd8 16. f3 Ne5 17. Qb4 Be6 18. Na5 Qd7 19. Na4 Rab8 20. Nb6 Rxc1 21.
Rxc1 Qe8 22. Bxa6 Nfd7 23. Nc6 Nxc6 24. Rxc6 Ne5 25. Rc1 Nd7 26. a4 Nc5 27. Be2
Nb3 28. Rc2 Na1 29. Rc7 Qd8 30. Rc6 Nb3 31. Rc2 Na1 32. Rc1 Nb3 33. Rd1 Nc5 34.
Bxc5 1-0

[Event "Liga Madrileña - DH 2014-2015"]
[Site "Madrid ESP"]
[Date "2014.11.30"]
[Round "2.26"]
[White "Zhynguel Ramirez de Verge, Alek"]
[Black "Aguado Solana, Juan"]
[Result "0-1"]
[WhiteElo "1999"]
[BlackElo "2090"]
[PlyCount "87"]
[EventDate "2014.11.23"]
[EventType "team-tourn"]
[EventRounds "14"]
[EventCountry "ESP"]
[Source "lmi"]
[SourceDate "2014.11.23"]
[WhiteTeam "Pueblo Nuevo"]
[BlackTeam "Blanco y Negro"]
[WhiteTeamCountry "ESP"]
[BlackTeamCountry "ESP"]

1. d4 Nf6 2. c4 c5 3. d5 g6 4. Qc2 b5 5. e4 d6 6. Nf3 Bg7 7. h3 O-O 8. Nc3 b4
9. Nd1 a5 10. Bd3 a4 11. Rb1 b3 12. axb3 Na6 13. bxa4 Nb4 14. Qe2 Nxd3+ 15.
Qxd3 Nxe4 16. Ne3 Qa5+ 17. b4 Qxa4 18. Qxe4 f5 19. Qc2 f4 20. Qxa4 Rxa4 21. Nd1
Bf5 22. Rb3 cxb4 23. Bd2 Rb8 24. Ke2 Bc2 25. Nb2 Ra2 26. Rxb4 Rxb4 27. Bxb4
Rxb2 28. Bd2 Bb3 29. Rc1 Ra2 30. Kd3 Ba4 31. g4 fxg3 32. fxg3 Ra3+ 33. Bc3 h5
34. h4 Bd7 35. Nd4 Be5 36. Ne2 Bf5+ 37. Kd2 Ra2+ 38. Ke3 Bg4 39. Nf4 Ra3 40.
Kd2 Kf7 41. Bxe5 dxe5 42. Nd3 Kf6 43. c5 e4 44. Nf2 0-1

[Event "Liga Madrileña - DH 2014-2015"]
[Site "Madrid ESP"]
[Date "2014.11.30"]
[Round "2.31"]
[White "Vazquez Igarza, Renier"]
[Black "Candela Perez, Jose"]
[Result "1-0"]
[WhiteElo "2597"]
[BlackElo "2430"]
[PlyCount "111"]
[EventDate "2014.11.23"]
[EventType "team-tourn"]
[EventRounds "14"]
[EventCountry "ESP"]
[Source "lmi"]
[SourceDate "2014.11.23"]
[WhiteTeam "Collado Villalba"]
[BlackTeam "La Casa del Ajedrez"]
[WhiteTeamCountry "ESP"]
[BlackTeamCountry "ESP"]

1. d4 Nf6 2. Nf3 g6 3. g3 Bg7 4. Bg2 O-O 5. c4 d6 6. Nc3 c6 7. O-O Qa5 8. e4
Qh5 9. Ng5 Qxd1 10. Rxd1 h6 11. Nf3 Bg4 12. h3 Bxf3 13. Bxf3 Nbd7 14. Be3 Rfd8
15. Bg2 e5 16. Rd2 exd4 17. Bxd4 Ne8 18. Bxg7 Kxg7 19. f4 Kf8 20. b3 Ke7 21.
Rb1 Nb6 22. Kf2 a5 23. Bf1 Ra7 24. Rbd1 Raa8 25. Rb1 Nd7 26. Na4 Nc5 27. Nc3
Ra6 28. Kf3 Rb6 29. Re1 f6 30. Rb1 Ra6 31. h4 Raa8 32. Be2 Nc7 33. Bd1 Nd7 34.
Bc2 Nb6 35. Rbd1 Ne8 36. e5 dxe5 37. Bxg6 Rxd2 38. Rxd2 Nd7 39. Bxe8 Rxe8 40.
Ne4 Rb8 41. f5 b5 42. c5 Rc8 43. Rd6 Nxc5 44. Rxf6 Nxe4 45. Re6+ Kf7 46. Kxe4
c5 47. Rxh6 c4 48. bxc4 bxc4 49. Rh7+ Kg8 50. Rb7 c3 51. Rb1 c2 52. Rc1 Rc5 53.
g4 Kf7 54. g5 Ke7 55. h5 Kd6 56. h6 1-0

[Event "Liga Madrileña - DH 2014-2015"]
[Site "Madrid ESP"]
[Date "2014.11.30"]
[Round "2.32"]
[White "Gallego Jimenez, Victoriano"]
[Black "Arribas Lopez, Angel"]
[Result "1/2-1/2"]
[WhiteElo "2340"]
[BlackElo "2537"]
[PlyCount "144"]
[EventDate "2014.11.23"]
[EventType "team-tourn"]
[EventRounds "14"]
[EventCountry "ESP"]
[Source "lmi"]
[SourceDate "2014.11.23"]
[WhiteTeam "La Casa del Ajedrez"]
[BlackTeam "Collado Villalba"]
[WhiteTeamCountry "ESP"]
[BlackTeamCountry "ESP"]

1. d4 e6 2. Nf3 Nf6 3. c4 c5 4. e3 a6 5. Nc3 d5 6. dxc5 Bxc5 7. a3 O-O 8. b4
Ba7 9. Bb2 Nc6 10. Qc2 Qe7 11. Rd1 Rd8 12. Be2 d4 13. exd4 Nxd4 14. Nxd4 Bxd4
15. Rxd4 Rxd4 16. Nd5 Rxd5 17. cxd5 Nxd5 18. Qe4 Bd7 19. Bd3 f5 20. Qe5 Bb5 21.
Bxb5 axb5 22. O-O Qf6 23. Qe1 Qf7 24. Qe2 Qd7 25. Qe5 Rc8 26. Rd1 Rc6 27. Qb8+
Qc8 28. Qe5 Qc7 29. Qe2 h6 30. Qxb5 Kh7 31. Qe2 Nf4 32. Qe5 Qxe5 33. Bxe5 Nd5
34. g3 b5 35. Bd4 Rc4 36. Bc5 Kg6 37. Ra1 f4 38. Kg2 Rc3 39. a4 f3+ 40. Kh3
bxa4 41. Rxa4 e5 42. Ra7 Nf6 43. Re7 e4 44. Bd4 Rc4 45. Bxf6 Kxf6 46. Re8 Rxb4
47. g4 h5 48. gxh5 Kf5 49. Re7 Kf6 50. Re8 Kf5 51. Re7 Rb6 52. Rf7+ Rf6 53.
Rxg7 e3 54. fxe3 Ke4 55. Rg1 f2 56. Rf1 Kxe3 57. Kg4 Ke2 58. Ra1 Ra6 59. Rb1
Ra4+ 60. Kg5 Kf3 61. h3 Ra8 62. h6 Rg8+ 63. Kf6 Rg1 64. Rb5 f1=Q 65. Rf5+ Ke4
66. Rxf1 Rxf1+ 67. Kg7 Ra1 68. h7 Ra7+ 69. Kg6 Ra6+ 70. Kg7 Ra7+ 71. Kg6 Ra6+
72. Kg7 Ra7+ 1/2-1/2

[Event "Liga Madrileña - DH 2014-2015"]
[Site "Madrid ESP"]
[Date "2014.11.30"]
[Round "2.33"]
[White "Moreno Ruiz, Javier"]
[Black "Suarez Uriel, Adrian"]
[Result "1/2-1/2"]
[WhiteElo "2470"]
[BlackElo "2283"]
[PlyCount "58"]
[EventDate "2014.11.23"]
[EventType "team-tourn"]
[EventRounds "14"]
[EventCountry "ESP"]
[Source "lmi"]
[SourceDate "2014.11.23"]
[WhiteTeam "Collado Villalba"]
[BlackTeam "La Casa del Ajedrez"]
[WhiteTeamCountry "ESP"]
[BlackTeamCountry "ESP"]

1. d4 Nf6 2. c4 g6 3. Nc3 d5 4. Nf3 Bg7 5. cxd5 Nxd5 6. e4 Nxc3 7. bxc3 c5 8.
Be3 Qa5 9. Qd2 Nc6 10. Rb1 a6 11. Rc1 O-O 12. d5 Rd8 13. Be2 e6 14. Bg5 Rd6 15.
O-O exd5 16. exd5 Bf5 17. Qb2 Nd8 18. Rfd1 b5 19. Be7 Nb7 20. Nh4 Bd7 21. Bxd6
Nxd6 22. Qc2 Re8 23. Re1 Re4 24. Nf3 Ra4 25. Qd2 Nf5 26. Rc2 Bh6 27. Qd1 Bg7
28. Qd2 Bh6 29. Qd1 Bg7 1/2-1/2

[Event "Liga Madrileña - DH 2014-2015"]
[Site "Madrid ESP"]
[Date "2014.11.30"]
[Round "2.34"]
[White "Guadamuro Torrente, Anabel"]
[Black "Ortega Ruiz, Jose Miguel"]
[Result "0-1"]
[WhiteElo "2191"]
[BlackElo "2339"]
[PlyCount "76"]
[EventDate "2014.11.23"]
[EventType "team-tourn"]
[EventRounds "14"]
[EventCountry "ESP"]
[Source "lmi"]
[SourceDate "2014.11.23"]
[WhiteTeam "La Casa del Ajedrez"]
[BlackTeam "Collado Villalba"]
[WhiteTeamCountry "ESP"]
[BlackTeamCountry "ESP"]

1. e4 d5 2. exd5 Qxd5 3. Nc3 Qa5 4. Bc4 Nf6 5. d3 c6 6. Nf3 Bg4 7. h3 Qh5 8.
Bf4 Nbd7 9. Qe2 Bxf3 10. gxf3 Qf5 11. Bg3 Nb6 12. Bb3 e6 13. Ne4 Nbd5 14. O-O-O
Be7 15. Kb1 O-O 16. Rdg1 a5 17. c4 a4 18. Bc2 Nb4 19. Bh4 Nxc2 20. Kxc2 Nd5 21.
Ng3 Qg6 22. Bxe7 Nxe7 23. Qe5 Qh6 24. h4 Rfd8 25. h5 b5 26. Qc5 Rd7 27. Ne4 a3
28. b3 Rad8 29. Qxa3 Nf5 30. Qc1 Qxc1+ 31. Kxc1 Kf8 32. Nc5 Ra7 33. Kb2 Nd4 34.
Rg3 bxc4 35. dxc4 Ne2 36. Ne4 f5 37. h6 fxe4 38. Rxg7 Rd2+ 0-1